• 首页
  • 本馆介绍
  • 公告通知
  • 最新文献
  • 馆藏检索
  • 电子资源
  • 读者导购
  • 参考咨询
  • 我的图书馆
  • 登录
  • 详细信息显示
  • 放入我的书架
  • 预约/预借图书
  • 作者相关作品
  • 分类相关作品
  • 丛书相关作品
  • 出版社相关作品

书目信息

  • 表格格式
  • 工作单格式
  • 卡片格式
题名:
孟子译注
    
 
作者: 金良年 撰
分册:  
出版信息: 上海   上海古籍出版社  1995.12
页数: 361页
开本: 21cm
丛书名: 中华古籍译注丛书
单 册:
中图分类: B222.5
科图分类:
主题词: 先秦哲学
电子资源:
ISBN: 7-5325-2022-6
000 00555nam0 2200217 45
001 0004101589
005 20040429170140.5
010    @a7-5325-2022-6@dCNY17.10
100    @a20000410d1995 km y0chiy0120 ea
101    @achi
105    @a z 000yy
200 1  @a孟子译注@f金良年撰
210    @a上海@c上海古籍出版社@d1995.12
215    @a361页@d21cm
225    @a中华古籍译注丛书
410    @12001 @a中华古籍译注丛书
606 0  @a先秦哲学
690    @aB222.5@v1
701    @a金良年@4撰
801    @aCN@bTSTC@c20000410
905    @dB222.5@e169@f1@b287486
    
    孟子译注/金良年撰.-上海:上海古籍出版社,1995.12
    361页;21cm.-(中华古籍译注丛书)
    
    
    ISBN 7-5325-2022-6:CNY17.10
    
●
相关链接 在E读中查询图书 在五车中查询图书 在当当中查询图书 在豆瓣中查询图书


正题名:孟子译注     索取号:B222.5/169         预约/预借

序号 登录号 条形码 馆藏地/架位号 状态 备注
1 0287486   002874866   第一借阅区/ [索取号:B222.5/169] 在馆    
2 0287487   002874875   第一样本阅览室/ [索取号:B222.5/169] 在馆    
唐山师范学院图书馆 欢迎您!
大连网信软件有限公司© 版权所有